01472nam a2200337 a 4500001001000000003000500010005001700015008004100032010001100073011001100084040000900095090001000104100004400114245018400158260004100342500006000383502007700443590004000520590004000560650002500600650005800625650003600683650003800719856006900757901000700826942001000833942000600843999001900849952013100868952013500999000114122CHAP20220329144428.0171106s2017 mx a fsm |||||||spa d a110583 a111555 cCHAP aTesis1 aCerezo Villafan, Roberto Carlos913399410aFactibilidad y viabilidad de un vivero de plantas ornamentales con servicio de jardinería en el municipio de Temoac, Morelos /h[En línea]cpor Roberto Carlos Cerezo Villafan. aChapingo, Méx. :bEl autor,c2017. aPara ver el contenido del material haga clic en la liga aTesis (Ing. Agr. Esp. en Fitotecnia) -- UACH. Departamento de Fitotecnia aE8697GMMb05c20171106lUCH01h1131 aE8697GMMb05c20171106lUCH01h121114aJardinería.96114314aPlantas ornamentalesxCultivo en invernadero.913163314aProyectosxEvaluación.99252514aProyectosxFinanciamiento.992526 aFinding aiduhttp://10.13.5.2/tesis/sist114122pdfzTeclea aquí aBK cTESIS n0 c110583d110583 00104054718TESISaBCbBCd2017-11-06fTESISl0oTesisp114124-10r2019-12-31 00:00:00w2019-12-31yTESISzRecien adquirido 00102local4053708TESISaBCbBCcPA_TESISd2017-11-06fTESISl0oTesisp114124-20r2019-12-31 00:00:00tc.2w2019-12-31yTESIS